000 00593nam a2200229 a 4500
999 _c8407
_d8407
001 8407
003 BD-JhCC
005 20180222183111.0
008 180222s1966 xxua|||| |||| 000 0 eng d
035 _a(BD-JhCC)8407
040 _aBD-JhCC
_dBD-JhCC
041 _aeng
082 _a954.904
_bGHA 1966
100 _a Ghaznawi, K
245 _aStory of Indian aggressions against Pakistan /
_cKhalid Ghaznawi
260 _aLahore :
_bNational Book House,
_c1966.
300 _a270 p. :
_c19 cm.
650 _aDiplomatic relations
651 _aPakistan
651 _aIndia
942 _2ddc
_cBK